VfB Stuttgart Squad 2022-2023 - Statistics

General Stats
  • This quiz has been taken 24 times
    16 since last reset
  • The average score is 21 of 34
Answer Stats
# Position Nation Player % Correct
9 FW Guinea Serhou Guirassy
100%
14 FW DR Congo Silas
100%
3 MF Japan Wataru Endō
100%
24 DF Croatia Borna Sosa
93%
8 MF France Enzo Millot
93%
1 GK Germany Florian Müller
93%
5 DF Greece Konstantinos Mavropanos
93%
33 GK Germany Fabian Bredlow
80%
21 DF Japan Hiroki Itō
80%
15 DF Germany Pascal Stenzel
80%
2 DF Germany Waldemar Anton
80%
16 MF Germany Atakan Karazor
73%
- Coach Germany Bruno Labbadia
73%
22 FW Germany Chris Führich
73%
23 DF France Dan-Axel Zagadou
73%
17 MF Japan Genki Haraguchi
73%
4 DF Germany Josha Vagnoman
73%
- Coach United States Pellegrino Matarazzo
73%
- Coach Germany Sebastian Hoeneß
73%
7 FW France Tanguy Coulibaly
73%
10 FW Portugal Tiago Tomás
73%
31 FW Portugal Gil Dias
67%
- Coach Germany Michael Wimmer
67%
11 FW Colombia Juan José Perea
53%
25 MF Germany Lilian Egloff
53%
42 GK Germany Florian Schock
40%
28 MF Denmark Nikolas Nartey
40%
20 FW Germany Luca Pfeiffer
33%
39 FW Germany Thomas Kastanaras
27%
37 DF Germany Antonis Aidonis
13%
36 MF Germany Laurin Ulrich
13%
27 FW Australia Alou Kuol
7%
32 MF France Naouirou Ahamada
7%
34 MF Turkey Ömer Beyaz
0%
No matching quizzes found
Score Distribution
Percent of People with Each Score
Percentile by Number Answered
Your Score History
You have not taken this quiz since the last reset